ՀՀ Գիտությունների ազգային ակադեմիայի հիմնարար գիտական գրադարան  =   Fundamental Scientific Library of NAS RA
Normal view MARC view

Entry Personal Name

Number of records used in: 8

001 - CONTROL NUMBER

  • control field: 2792

003 - CONTROL NUMBER IDENTIFIER

  • control field: AM-YEHGA

005 - DATE AND TIME OF LATEST TRANSACTION

  • control field: 20250617070439.0

008 - FIXED-LENGTH DATA ELEMENTS

  • fixed length control field: 060323 a|ac|n|aab||||||||||||a |n|||||||

040 ## - CATALOGING SOURCE

  • Original cataloging agency: AM-YEHGA

100 1# - HEADING--PERSONAL NAME

  • Personal name: Բեյլերյան, Հրաչյա Հայկի,
  • Dates associated with a name: 1952-2013

400 1# - SEE FROM TRACING--PERSONAL NAME

  • Personal name: Բեյլերյան, Հրաչյա,
  • Dates associated with a name: 1952-2013

400 1# - SEE FROM TRACING--PERSONAL NAME

  • Personal name: Бейлерян, Грачья Гайкович,
  • Dates associated with a name: 1952-2013

400 1# - SEE FROM TRACING--PERSONAL NAME

  • Personal name: Beyleryan, Hrachya Hayki,
  • Dates associated with a name: 1952-2013

670 ## - SOURCE DATA FOUND

  • Source citation: Գրական տեղեկատու, 1986 :
  • Information found: Հրաչյա Հայկի Բեյլերյան (ծ. 27.3.1952, ք. Կիրովական), բանաստեղծ, թարգմանիչ, ՍՍՀՄ գրողների միության անդամ (1984):

670 ## - SOURCE DATA FOUND

  • Source citation: Մհերի դուռ : Բանաստեղծություններ, 1988 :
  • Information found: տիտղթ. (Հրաչյա Հայկի Բեյլերյան)

670 ## - SOURCE DATA FOUND

  • Source citation: Վերջալույսը - թռչուն : Բանաստեղծություններ և թարգմանություններ, 2003 :
  • Information found: տիտղթ. (Հրաչյա Բեյլերյան)


ՀՀ ԳԱԱ հիմնարար գիտական գրադարան
ՀՀ,Երևան 0019
Մարշալ Բաղրամյան 24/6
հեռախոս:(374-10) 52-47-50
Հետադարձ կապ

All site content, except where otherwise noted, is licensed under a
Creative Commons License